| 000 | 00915cab a2200265 4500 | ||
|---|---|---|---|
| 001 | ABS59621 | ||
| 008 | 090401t1998 xxu||||| |||| 00| 0 eng d | ||
| 035 | _a(Sirsi) u89602 | ||
| 041 | _aeng | ||
| 100 | _aDyer, C. | ||
| 245 | _aSafer substitutes pave way for UK asbestos ban | ||
| 260 | _c1998 | ||
| 350 | _a0 | ||
| 490 |
_aHealth and Safety Bulletin _v(273) November 1998, 19-21(3) |
||
| 520 | _aThe HSC has started consultation on draft legislation that would prohibit the importation, supply and use of all types of asbestos in the UK. Considers the costs and benefits of such a proposal. | ||
| 650 | _aASBESTOS (PROHIBITIONS) REGULATIONS 1992 | ||
| 650 | _aMANAGEMENT-HEALTH AND SAFETY-HAZARDOUS SUBSTANCES-ASBESTOS | ||
| 650 | _aCHRYSOTILE | ||
| 650 | _aCOSTS | ||
| 650 | _aEU | ||
| 650 | _aEXPOSURE | ||
| 690 | _aBUILT ENVIRONMENT-BUILDING STANDARDS | ||
| 942 | _n0 | ||
| 948 | _c11/11/1998 | ||
| 999 |
_c56711 _d56711 |
||